| 000 | 00460nam a22001697a 4500 | ||
|---|---|---|---|
| 999 |
_c523698 _d523698 |
||
| 003 | NUST | ||
| 038 | _awaseem | ||
| 082 |
_a891.42 _bABB |
||
| 100 |
_aAbbas, Ghazanfar _914471 |
||
| 245 |
_aSohintasian Aahan / _cGhazanfar Abbas |
||
| 260 |
_aDiyra Ghazi Khan, _bSujak Adabi Sangat, _c2012. |
||
| 300 | _a144 p. ; | ||
| 500 | _aHardcover. | ||
| 880 |
_6100-02\r _aغٖٖضنفر عباس |
||
| 880 |
_6245-02\r _aسوہنٹاسُیں آں / |
||
| 942 |
_2ddc _cBK |
||